"Something" of the "Something" Song Titles (1960's-90's) - Statistics

General Stats
  • This quiz has been taken 29 times
    17 since last reset
  • The average score is 11 of 20
Answer Stats
No Year Performer Song Title % Correct
12 1965 Roger Miller {King} Of The Road
94%
11 1964 Shangri-Las {Leader} Of The Pack
94%
9 1980 Iron Maiden Number of The {Beast}
75%
20 1987 Prince {Sign} O' The Times
75%
7 1977 Abba The Name Of The {Game}
75%
15 1972 Carpenters {Top} Of The World
63%
17 1979 Generation X {Valley} Of The Dolls
63%
18 1979 Kenny Rogers {Coward} Of The County
56%
2 1962 Skeeter Davis The End Of The {World}
56%
5 1968 Zombies Time Of The {Season}
56%
14 1971 Olivia Newton-John {Banks} Of The Ohio
50%
1 1962 Cascades Rhythm Of The {Rain}
50%
3 1965 Kinks Till The End Of The {Day}
44%
16 1974 Supertramp (Album title track) {Crime} Of The Century
38%
6 1970/1983 Nicky Thomas/Paul Young Love Of The {Common} {People}
38%
19 1987 Michael Crawford (Phantom of the Opera) {Music} Of The Night
31%
8 1978 Jeff Wayne & Justin Hayward (Album Track) The Eve Of The {War}
31%
4 1967 Doors (Album track) End Of The {Night}
25%
13 1969 Fleetwood Mac {Man} Of The World
19%
10 1990 Paul Simon (Album title track) The Rhythm Of The {Saints}
19%
No matching quizzes found
Score Distribution
Percent of People with Each Score
Percentile by Number Answered
Your Score History
You have not taken this quiz since the last reset